Municipios y Derechos Humanos : Reflexiones para implementar políticas con enfoque de Derechos Humanos /
Guardado en:
| Formato: | Libro |
|---|---|
| Idioma: | Spanish |
| Publicado: |
Buenos Aires :
Ministerio de Justicia y Derechos Humanos de la Nación,
2013
|
| Edición: | 1º ed. |
| Materias: | |
| Etiquetas: |
Agregar Etiqueta
Sin Etiquetas, Sea el primero en etiquetar este registro!
|
| LEADER | 00710nam a22001815a 4500 | ||
|---|---|---|---|
| 001 | DER.der013401 | ||
| 008 | 180615s2013####ag#||||||||||||||#||spa|| | ||
| 005 | 20210322095748.0 | ||
| 245 | 1 | 0 | |a Municipios y Derechos Humanos : |b Reflexiones para implementar políticas con enfoque de Derechos Humanos / |c Ministerio de Justicia y Derechos Humanos. |
| 250 | |a 1º ed. | ||
| 260 | |a Buenos Aires : |b Ministerio de Justicia y Derechos Humanos de la Nación, |c 2013 | ||
| 300 | |a 62 p. | ||
| 020 | |a 9789871407637 | ||
| 650 | 7 | |a Municipalidad |2 SAIJ | |
| 650 | 7 | |a Derechos humanos |2 SAIJ | |
| 653 | |a DERECHOS HUMANOS | ||
| 859 | |a DERECHO |b BIB. DERECHO |h 323 |i MIN |k 1.09 |p 008351 |t 1 | ||
| 859 | |a DERECHO |b BIB. DERECHO |h 323 |i MIN |k 1.09 |p 008813 |t 2 | ||
